| 000 | 00505nam a22001937a 4500 | ||
|---|---|---|---|
| 003 | CEME | ||
| 005 | 20210628202958.0 | ||
| 008 | 210127b xxu||||| |||| 00| 0 eng d | ||
| 020 | _a0-19-850958-8 | ||
| 040 | _c. | ||
| 082 | _a548.5 FUN | ||
| 100 |
_aGiacovazzo, C;Monaco, H.L;Giacovazzo, C _962687 |
||
| 245 | _aFundalentals of crystallography | ||
| 250 | _a2ND | ||
| 260 |
_aNEW YORK _bOXFORD UNIVERSITY PRESS _c2002 |
||
| 300 | _aXIX,825P | ||
| 650 |
_aCRYSTALLOGRAPHY _940749 |
||
| 942 |
_cBK _2ddc |
||
| 999 |
_c571719 _d571719 |
||